000 00549nam a22001577a 4500
003 NUST
082 _a670
100 _arehman ,Shafique ur
_9122271
245 _aTo determine the effect of thermal shock On a fixed glass dome /
_cShafique-ur-rehman
264 _aIslamabad:
_bSMME- NUST.
_c2020.
300 _a49p. ;
_bSoft Copy,
_c30cm.
650 _aMS Design and Manufacturing Engineering
_9119567
700 _aSupervisor : Dr.Mushtaq Khan
_9119879
856 _uhttp://10.250.8.41:8080/xmlui/handle/123456789/35423
942 _2ddc
_cTHE
999 _c608777
_d608777